Логистика инновационной деятельности: Межвузовский научный сборник

Bibliografiska uppgifter
Institutionell upphovsman: Саратовский государственный технический университет
Sammanfattning:Сборник подготовлен по материалам региональной научно-практической конференции, состоявшейся 9 апреля 2004 г.
Språk:ryska
Publicerad: Саратов, Изд-во Саратовского ГТУ, 2004
Ämnen:
Materialtyp: Bok
KOHA link:https://koha.lib.tpu.ru/cgi-bin/koha/opac-detail.pl?biblionumber=71092

MARC

LEADER 00000nam0a2200000 4500
001 71092
005 20231031082326.0
010 |a 5743313326 
035 |a (RuTPU)RU\TPU\book\75672 
090 |a 71092 
100 |a 20041207d2004 k y0rusy50 ca 
101 0 |a rus 
102 |a RU 
105 |a a z 001zy 
200 1 |a Логистика инновационной деятельности  |e Межвузовский научный сборник  |f Саратовский государственный технический университет 
210 |a Саратов  |c Изд-во Саратовского ГТУ  |d 2004 
215 |a 232 с.  |c ил. 
300 |a Сборник подготовлен по материалам региональной научно-практической конференции, состоявшейся 9 апреля 2004 г. 
320 |a Библиография в тексте. 
610 1 |a экономика 
610 1 |a инновации 
610 1 |a инновационная деятельность 
610 1 |a логистика 
610 1 |a промышленность 
610 1 |a логические системы 
610 1 |a жилищное кредитование 
610 1 |a системы управления 
610 1 |a строительство 
610 1 |a автомобильный транспорт 
610 1 |a конференции 
686 |a У9(2)0-551  |v LBC/SL-A  |2 rubbk 
686 |a У9(2)40  |v LBC/SL-A  |2 rubbk 
712 0 2 |a Саратовский государственный технический университет  |2 stltpush  |3 (RuTPU)RU\TPU\col\95 
801 1 |a RU  |b 63413507  |c 20041207  |g PSBO 
801 2 |a RU  |b 63413507  |c 20041227  |g PSBO 
942 |c BK